|
|
|
|
| LEADER |
01833nam a2200433 i 4500 |
| 001 |
EBC4772320 |
| 003 |
MiAaPQ |
| 005 |
20200520144314.0 |
| 006 |
m o d | |
| 007 |
cr cnu|||||||| |
| 008 |
170110t20162016ne a ob 001 0 eng d |
| 020 |
|
|
|z 9789089648495
|
| 020 |
|
|
|a 9789048527038 (e-book)
|
| 035 |
|
|
|a (MiAaPQ)EBC4772320
|
| 035 |
|
|
|a (Au-PeEL)EBL4772320
|
| 035 |
|
|
|a (CaPaEBR)ebr11319743
|
| 035 |
|
|
|a (CaONFJC)MIL984355
|
| 035 |
|
|
|a (OCoLC)967524582
|
| 040 |
|
|
|a MiAaPQ
|b eng
|e rda
|e pn
|c MiAaPQ
|d MiAaPQ
|
| 050 |
|
4 |
|a HV4705
|b .T735 2017
|
| 082 |
0 |
|
|a 179.3
|2 23
|
| 100 |
1 |
|
|a Traini, Christophe,
|e author.
|
| 245 |
1 |
4 |
|a The animal rights struggle :
|b an essay in historical sociology /
|c Christophe Traini.
|
| 264 |
|
1 |
|a Amsterdam, [Netherland] :
|b Amsterdam University Press,
|c 2016.
|
| 264 |
|
4 |
|c 2016
|
| 300 |
|
|
|a 1 online resource (207 pages) :
|b illustrations
|
| 336 |
|
|
|a text
|2 rdacontent
|
| 337 |
|
|
|a computer
|2 rdamedia
|
| 338 |
|
|
|a online resource
|2 rdacarrier
|
| 504 |
|
|
|a Includes bibliographical references and index.
|
| 588 |
|
|
|a Description based on online resource; title from PDF tittle page (ebrary, viewed January 10, 2017).
|
| 590 |
|
|
|a Electronic reproduction. Ann Arbor, MI : ProQuest, 2016. Available via World Wide Web. Access may be limited to ProQuest affiliated libraries.
|
| 650 |
|
0 |
|a Animal rights
|x History.
|
| 650 |
|
0 |
|a Animal welfare
|x History.
|
| 650 |
|
0 |
|a Human-animal relationships
|x History.
|
| 655 |
|
4 |
|a Electronic books.
|
| 776 |
0 |
8 |
|i Print version:
|a Traini, Christophe.
|t Animal rights struggle : an essay in historical sociology.
|d Amsterdam, [Netherland] : Amsterdam University Press, c2016
|h 206 pages
|z 9789089648495
|
| 797 |
2 |
|
|a ProQuest (Firm)
|
| 856 |
4 |
0 |
|u https://ebookcentral.proquest.com/lib/matrademy/detail.action?docID=4772320
|z Click to View
|